LEADER 01532nam1 2200301 i 450 001 VAN00059986 005 20240806100522.636 010 $a88-7988-040-3 100 $a20070620r1994 |0itac50 ba 101 $amul 102 $aIT 105 $a|||| ||||| 200 1 $aTesto e immagine nell'alto Medioevo$esettimane di studio del Centro italiano di studi sull'alto Medioevo, 41. : 15-21 aprile 1993 210 $aSpoleto$cpresso la sede del Centro$d1994 215 $a2 v.$d22 cm. 410 1$1001VAN00057407$12001 $aSettimane di studio del Centro italiano di studi sull'alto Medioevo$1210 $aSpoleto$cCentro italiano di studi sull'alto Medioevo.$v41 463 1$1001VAN00059990$12001 $aˆ<<‰Testo e immagine nell'alto Medioevo>> 1$1210 $aSpoleto$cpresso la sede del Centro$d1994$1215 $aXIV, 532 p., [96] p. di tav.$cill.$d22 cm.$v41.1 463 1$1001VAN00059988$12001 $aˆ<<‰Testo e immagine nell'alto Medioevo>> 2$1210 $aSpoleto$cpresso la sede del Centro$d1994$1215 $aP. 534-1013 p., [182] p. di tav.$cill.$d22 cm.$v41.2 606 $aImmagini sacre$xSec. 8.-11.$3VANC021074$2FI 606 $aManoscritti miniati$xSec. 8.-11.$3VANC021073$2FI 620 $dSpoleto$3VANL000143 676 $a091$v21 710 02$aCentro italiano di studi sull'alto Medioevo$3VANV023363$0172535 712 $aCentro italiano di studi sull'alto Medioevo $3VANV108396$4650 801 $aIT$bSOL$c20240906$gRICA 912 $aVAN00059986 996 $aTesto e immagine nell'alto Medioevo$9641810 997 $aUNICAMPANIA